Quiz o państwach, ale są z historii - Statystyki

Ogólne statystyki
  • Ten quiz został rozwiązany 48 razy
  • Średni wynik to 9 z 10
Statystyki odpowiedzi
Obrazkowy Odpowiedź % Poprawnych
Rosja
100%
Francja
98%
Niemcy
98%
Polska
98%
Wielka Brytania
95%
Turcja
91%
Włochy
91%
Chiny
88%
Mongolia
86%
Macedonia
60%
Nie znaleziono quizów pasujących do podanych kryteriów
Rozkład punktacji
Procent ludzi z każdym wynikiem
Percentyl według liczby udzielonych odpowiedzi
Twoja historia wyników
Nie rozwiązałeś tego quizu